Chansons de Bénabar - Statistiques

Statistiques générales
  • Ce quiz a été pris 23 fois
  • Le résultat moyen est 32 sur 126
Statistiques - réponses
Album Titre % Correct
Reprise des négociations 1 Le Dîner
100%
Infréquentable 1 L'Effet papillon
86%
Reprise des négociations 3 Quatre murs et un toit
71%
Infréquentable 12 Infréquentable
67%
Les Risques du métier 1 Monospace
67%
Inspiré de faits réels 1 Paris by night
67%
Reprise des négociations 7 Les Épices du souk du Caire
62%
Reprise des négociations 9 Le Méchant de James Bond
57%
Reprise des négociations 2 Maritie et Gilbert Carpentier
57%
Infréquentable 9 À la campagne
52%
Les Risques du métier 4 Je suis de celles
52%
Reprise des négociations 6 La Berceuse
52%
Bénabar 2 Y a une fille qu'habite chez moi
52%
Reprise des négociations 13 Christelle est une ordure
48%
Les Risques du métier 2 Dis-lui oui
48%
Infréquentable 3 Les numéros
48%
Les Bénéfices du doute 2 Les Râteaux
48%
Infréquentable 6 Pas du tout
48%
Reprise des négociations 4 Bruxelles
43%
Inspiré de faits réels 12 Gilles César
43%
Les Bénéfices du doute 3 L'Agneau
43%
Reprise des négociations 12 Le Cahier de solfège
43%
Le Début de la suite 1 Le Début de la suite
43%
Bénabar 6 Majorette
43%
On lâche pas l'affaire 1 On lâche pas l'affaire
43%
Les Bénéfices du doute 1 Politiquement correct
43%
Bénabar & associés 1 La P'tite Monnaie
38%
Les Risques du métier 13 Le Slow
38%
Les Risques du métier 10 Les Mots d'amour
38%
Les Risques du métier 11 Monsieur René
38%
Les Risques du métier 3 Paresseuse
38%
Le Début de la suite 4 Feu de joie
33%
Les Risques du métier 8 La Station Mir
33%
Reprise des négociations 10 Le Fou Rire
33%
Inspiré de faits réels 6 Les deux chiens
33%
Les Bénéfices du doute 7 Les Mirabelles
33%
Les Risques du métier 6 L'Itinéraire
33%
Reprise des négociations 8 Qu'est-ce que tu voulais que je lui dise ?
33%
Bénabar & associés 2 Adolescente
29%
Infréquentable 2 Allez !
29%
Bénabar 1 Bon anniversaire
29%
Inspiré de faits réels 7 La forêt
29%
Le Début de la suite 2 La Petite Vendeuse
29%
Les Risques du métier 12 Le zoo de Vincennes
29%
Les Bénéfices du doute 6 Moins vite
29%
Infréquentable 7 Où t'étais passé ?
29%
Inspiré de faits réels 4 Titouan
29%
Indocile heureux 2 Tous les divorcés
29%
Reprise des négociations 5 Triste Compagne
29%
Reprise des négociations 11 Tu peux compter sur moi
29%
Infréquentable 8 Voir sans être vu
29%
Inspiré de faits réels 8 Coming In
24%
Le Début de la suite 11 Le jeune Vigile
24%
Infréquentable 10 Les Reflets verts
24%
Infréquentable 4 Malgré tout
24%
Le Début de la suite 3 Marathonien
24%
Le Début de la suite 10 On jouait fort
24%
Indocile heureux 1 Oui et alors
24%
Bénabar 4 Porcelaine
24%
Inspiré de faits réels 3 Remember Paris
24%
Bénabar 9 Saturne
24%
Les Risques du métier 5 Vade retro téléphone
24%
Indocile heureux 7 William et Jack
24%
Les Bénéfices du doute 5 Alors, c'est ça ma vie !
19%
Bénabar 5 À notre santé
19%
Inspiré de faits réels 2 Belle journée
19%
Le Début de la suite 9 Chauffard
19%
Le Début de la suite 7 Chevaliers sans armure
19%
On lâche pas l'affaire 5 Chez les Corses
19%
Bénabar 7 Couche-tard et lève-tôt
19%
Inspiré de faits réels 5 La grande vie
19%
Indocile heureux 11 Le bain de 23h30
19%
Inspiré de faits réels 10 Le Regard
19%
Indocile heureux 3 Les belles histoires
19%
Inspiré de faits réels 11 Les couleurs
19%
Indocile heureux 9 Les filles de plus de 40 ans
19%
Indocile heureux 12 Les indociles heureux
19%
Les Bénéfices du doute 8 Perdre la raison
19%
Les Bénéfices du doute 12 Quelle histoire !
19%
Les Risques du métier 7 Sac à main
19%
Indocile heureux 8 Un Lego dans la poche
19%
Bénabar 3 Vélo
19%
Bénabar 12 À poings fermés
14%
Les Bénéfices du doute 13 C'est d'l'amour
14%
Bénabar 8 Coup du lapin
14%
Bénabar 10 Dramelet
14%
Bénabar & associés 12 La Valse
14%
Le Début de la suite 6 Le Complexe du sédentaire
14%
On lâche pas l'affaire 3 Monogame
14%
Inspiré de faits réels 9 Sur son passage
14%
Indocile heureux 6 Une âme de poète
14%
On lâche pas l'affaire 14 Une âme de poète (Version longue)
14%
On lâche pas l'affaire 12 Vanessa
14%
Bénabar 11 Approchez
10%
Les Bénéfices du doute 10 Après de près
10%
Indocile heureux 4 Au nom du temps perdu
10%
Le Début de la suite 8 Brève et approximative histoire de France
10%
Le Début de la suite 12 Ça ne sert à rien une chanson
10%
Les Bénéfices du doute 9 Faute de goût
10%
Les Risques du métier 9 La Coquette
10%
Bénabar & associés 8 Le 115
10%
Le Début de la suite 5 Le Destin
10%
On lâche pas l'affaire 2 Mascarade
10%
Indocile heureux 10 On ne choisit pas d'aimer
10%
On lâche pas l'affaire 4 Reviens me quitter
10%
Infréquentable 11 Si j'avais su
10%
Infréquentable 5 Tout vu tout lu
10%
Bénabar & associés 7 Advienne que pourra
5%
Bénabar & associés 4 Ali et Félix
5%
Bénabar & associés 10 Cannibale
5%
On lâche pas l'affaire 7 C'était quoi l'info ?
5%
Indocile heureux 5 Exigeons l'impossible
5%
On lâche pas l'affaire 9 J'ai perdu le mot de passe
5%
Les Bénéfices du doute 4 La phrase qu'on n'a pas dite
5%
On lâche pas l'affaire 11 Le poète béni
5%
Bénabar & associés 3 Majordome
5%
Bénabar & associés 9 Mélanie Patterson
5%
On lâche pas l'affaire 13 Quai Malaquais
5%
Bénabar & associés 5 Tout va bien
5%
Bénabar & associés 13 Viens dans ma roulotte
5%
On lâche pas l'affaire 8 À contre nuit
0%
Les Bénéfices du doute 11 Différents ?
0%
Bénabar & associés 6 Le Chien
0%
Bénabar & associés 11 Les Ricochets
0%
On lâche pas l'affaire 6 Pétersbourg
0%
On lâche pas l'affaire 10 Telle quelle si belle
0%
Aucun quiz correspondant
Distribution des résultats
% des personnes avec chaque résultat
Percentile par nombre de réponses
Votre historique - résultats
Vous n’avez pas pris ce quiz